Statistics for Middlesbrough FC

Click here to take the quiz!

General Stats

  • This quiz has been taken 228 times
  • The average score is 8 of 12

Answer Stats

HintAnswer% Correct
Current chairmanSteve Gibson
93%
Current stadiumThe Riverside
93%
Trophy won in 2004Carling Cup
89%
The little fella?Juninho
85%
Current ManagerAitor Karanka
79%
Previous StadiumAyresome park
78%
Defeat in 2006 UEFA final by this teamSevilla
75%
Year formed1876
74%
Year built1995
54%
Most expensive player boughtAfonso Alves
52%
The White Feather?Fabrizio Ravenelli
39%
Leading GoalscorerGeorge Camsell
35%

Score Distribution

Percentile by Number Answered

Percent of People with Each Score

Your Score History

You have not taken this quiz